|
|
|
|
| LEADER |
00000nam0a2200000 4500 |
| 001 |
364666 |
| 005 |
20231102011718.0 |
| 035 |
|
|
|a (RuTPU)RU\TPU\retro\22024
|
| 090 |
|
|
|a 364666
|
| 100 |
|
|
|a 20211124d1980 m y0rusy50 ca
|
| 101 |
0 |
|
|a rus
|
| 102 |
|
|
|a RU
|
| 105 |
|
|
|a a j 001zy
|
| 200 |
1 |
|
|a Адаптивные и экстремальные системы управления
|e учебное пособие
|f Е. П. Чураков
|g Рязанский радиотехнический институт
|
| 210 |
|
|
|a Рязань
|c [Б. и.]
|d 1980
|
| 215 |
|
|
|a 80 с.
|c ил.
|
| 320 |
|
|
|a Библиогр.: с. 78-79
|
| 606 |
1 |
|
|a Адаптивные системы
|2 stltpush
|3 (RuTPU)RU\TPU\subj\1514
|9 30286
|
| 610 |
1 |
|
|a экстремальные системы
|
| 610 |
1 |
|
|a неадаптивные системы
|
| 610 |
1 |
|
|a адаптивные свойства
|
| 610 |
1 |
|
|a самонастраивающиеся системы
|
| 610 |
1 |
|
|a качество управления
|
| 610 |
1 |
|
|a стабилизация
|
| 610 |
1 |
|
|a оптимизация
|
| 610 |
1 |
|
|a неадаптивные ситуации
|
| 610 |
1 |
|
|a параметры
|
| 610 |
1 |
|
|a оценивание
|
| 610 |
1 |
|
|a учебные пособия
|
| 675 |
|
|
|a 681.513.6(075.8)
|v 4
|
| 700 |
|
1 |
|a Чураков
|b Е. П.
|g Евгений Павлович
|
| 712 |
0 |
2 |
|a Рязанский радиотехнический институт
|c (1951-1993)
|2 stltpush
|3 (RuTPU)RU\TPU\col\109
|9 23200
|
| 801 |
|
1 |
|a RU
|b 63413507
|c 20211124
|
| 942 |
|
|
|c BK
|